UNI Life 101: (Record no. 2607)

MARC details
000 -LEADER
fixed length control field 00538nam a22001817a 4500
003 - CONTROL NUMBER IDENTIFIER
control field OSt
005 - DATE AND TIME OF LATEST TRANSACTION
control field 20260319072153.0
008 - FIXED-LENGTH DATA ELEMENTS--GENERAL INFORMATION
fixed length control field 260319b |||||||| |||| 00| 0 eng d
040 ## - CATALOGING SOURCE
Language of cataloging Eng
Transcribing agency KMU
Description conventions RDA
050 ## - LIBRARY OF CONGRESS CALL NUMBER
Classification number BF637.S8
Item number M85. 2026
100 ## - MAIN ENTRY--PERSONAL NAME
Personal name Mukupa, Nancy Lwimba
245 ## - TITLE STATEMENT
Title UNI Life 101:
Remainder of title Tips from Students for Students/
Statement of responsibility, etc. Nancy Lwimba Mukupa
260 ## - PUBLICATION, DISTRIBUTION, ETC.
Place of publication, distribution, etc. Lusaka:
Name of publisher, distributor, etc. Sotrane,
Date of publication, distribution, etc. 2026.
300 ## - PHYSICAL DESCRIPTION
Extent vii, 61 pages.:
Other physical details pictures;
Dimensions 20 cm.
650 ## - SUBJECT ADDED ENTRY--TOPICAL TERM
Topical term or geographic name entry element Self-management
650 ## - SUBJECT ADDED ENTRY--TOPICAL TERM
Topical term or geographic name entry element Success—Psychological aspects
942 ## - ADDED ENTRY ELEMENTS (KOHA)
Source of classification or shelving scheme Library of Congress Classification
Koha item type Non-Fiction
Suppress in OPAC No
Holdings
Withdrawn status Lost status Source of classification or shelving scheme Damaged status Not for loan Collection Home library Current library Shelving location Date acquired Source of acquisition Total Checkouts Full call number Barcode Date due Date last seen Date last checked out Price effective from Koha item type
    Library of Congress Classification     Non-fiction Kapasa Makasa University Kapasa Makasa University Open Access 19.03.2026 Donation 1 BF637.S8 .M85 Muk 301490 11.06.2026 28.05.2026 28.05.2026 19.03.2026 Non-Fiction
    Library of Congress Classification     Non-fiction Kapasa Makasa University Kapasa Makasa University Open Access 19.03.2026 Donation 1 BF637.S8 .M85 Muk 301493   04.05.2026 07.04.2026 19.03.2026 Non-Fiction
    Library of Congress Classification     Non-fiction Kapasa Makasa University Kapasa Makasa University Special Collection 19.03.2026 Donation   BF637.S8 .M85 Muk 301492   24.03.2026   19.03.2026 Non-Fiction
    Library of Congress Classification     Non-fiction Kapasa Makasa University Kapasa Makasa University Open Access 19.03.2026 Donation 2 BF637.S8 .M85 Muk 301491 16.06.2026 02.06.2026 02.06.2026 19.03.2026 Non-Fiction